000 00611cam a22002053a 4500
001 40411
003 PGUSA
005 20140828083913.0
008 120804s2012||||xxu|||||s|||||000 | eng d
040 _aPGUSA
_beng
042 _adc
100 1 _aBinns, Charles F.
245 1 4 _aThe Potter's Craft :
_bA Practical Guide for the Studio and Workshop
_h[electronic resource] /
_cCharles F. Binns
260 _bProject Gutenberg,
_c2012
506 _aPublic domain in the USA.
516 _aElectronic text
830 0 _aProject Gutenberg
_v40411
856 4 0 _uhttp://www.gutenberg.org/ebooks/40411
942 _cEB
999 _c269664
_d269664